Economics / (Record no. 1692)

MARC details
000 -LEADER
fixed length control field 03225cam a2200445 i 4500
001 - CONTROL NUMBER
control field data
005 - DATE AND TIME OF LATEST TRANSACTION
control field 20260322212113.0
008 - FIXED-LENGTH DATA ELEMENTS--GENERAL INFORMATION
fixed length control field data
035 ## - SYSTEM CONTROL NUMBER
System control number 19342922
010 ## - LIBRARY OF CONGRESS CONTROL NUMBER
LC control number 2016957453
020 ## - INTERNATIONAL STANDARD BOOK NUMBER
International Standard Book Number 1438008775
Qualifying information (paperback)
020 ## - INTERNATIONAL STANDARD BOOK NUMBER
International Standard Book Number 9781438008776
Qualifying information (paperback)
035 ## - SYSTEM CONTROL NUMBER
System control number (OCoLC)972774332
040 ## - CATALOGING SOURCE
Original cataloging agency YDX
Language of cataloging eng
Transcribing agency YDX
Description conventions rda
Modifying agency DLC
-- VP@
-- ORX
-- OCLCF
-- IHV
-- IGA
-- NRC
-- DLC
042 ## - AUTHENTICATION CODE
Authentication code lccopycat
050 00 - LIBRARY OF CONGRESS CALL NUMBER
Classification number HB171
Item number .W47 2018
082 04 - DEWEY DECIMAL CLASSIFICATION NUMBER
Classification number 330
Edition information 23
100 1# - MAIN ENTRY--PERSONAL NAME
Personal name Wessels, Walter J.,
Relator term author.
245 10 - TITLE STATEMENT
Title Economics /
Statement of responsibility, etc. Walter J. Wessels.
250 ## - EDITION STATEMENT
Edition statement Sixth edition.
264 #1 - PRODUCTION, PUBLICATION, DISTRIBUTION, MANUFACTURE, AND COPYRIGHT NOTICE
Place of production, publication, distribution, manufacture Hauppauge, New York :
Name of producer, publisher, distributor, manufacturer Barron's,
Date of production, publication, distribution, manufacture, or copyright notice [2018]
300 ## - PHYSICAL DESCRIPTION
Extent xiii, 682 pages :
Other physical details illustrations ;
Dimensions 23 cm.
336 ## - CONTENT TYPE
Content type term text
Content type code txt
Source rdacontent
337 ## - MEDIA TYPE
Media type term unmediated
Media type code n
Source rdamedia
338 ## - CARRIER TYPE
Carrier type term volume
Carrier type code nc
Source rdacarrier
490 1# - SERIES STATEMENT
Series statement Business review books
500 ## - GENERAL NOTE
General note Includes index.
505 0# - FORMATTED CONTENTS NOTE
Formatted contents note What is economics all about? -- How to use graphs in economics -- Supply and demand: part one -- Supply and demand: part two -- Measuring national output -- Inflation and unemployment -- Introduction to macroeconomics: output, growth, and capital -- Aggregate demand and supply: the key to macroeconomics -- Aggregate demand in the private sector: the Keynesian model -- Aggregate supply and getting to full employment -- Fiscal policy: government spending and taxation -- The supply of money -- Money and aggregate demand -- Inflation and unemployment -- Rational expectations and other models of the business cycle -- Open-market macroeconomics -- Elasticity -- The theory of demand -- Cost and output -- Competitive supply -- Asymmetric information -- Monopolies -- Between monopoly and competition -- Game theory -- Efficiency and regulation -- Factor demand and productivity -- Wages, labor markets, and unions -- Rent, interest, and profits -- Public choice and externalities -- Government spending and taxation -- International trade.
520 ## - SUMMARY, ETC.
Summary, etc. For students or anyone else who needs a refresher course in economics. This updated edition defines and distinguishes between macroeconomics and microeconomics. It demonstrates the uses of graphs and discusses the law of supply and demand, which is fundamental to understanding economic principles. A Macroeconomics section covers topics that include national output, inflation, types and costs of unemployment, aggregate demand and supply, the Keynesian model, fiscal and monetary policy, and open-market macroeconomics. Microeconomics topics covered include monopolies, forces that promote competition, game theory, labor markets and unions, economic profits, government spending, and taxation.--From publisher description.
650 #0 - SUBJECT ADDED ENTRY--TOPICAL TERM
Topical term or geographic name entry element Economics.
650 #4 - SUBJECT ADDED ENTRY--TOPICAL TERM
Topical term or geographic name entry element Economics.
Authority record control number or standard number (OCoLC)fst00902116
650 #4 - SUBJECT ADDED ENTRY--TOPICAL TERM
Topical term or geographic name entry element BUSINESS & ECONOMICS / Economics.
650 #7 - SUBJECT ADDED ENTRY--TOPICAL TERM
Topical term or geographic name entry element BUSINESS & ECONOMICS / Economics.
Source of heading or term bisacsh
650 #7 - SUBJECT ADDED ENTRY--TOPICAL TERM
Topical term or geographic name entry element Economics.
Source of heading or term fast
Authority record control number or standard number (OCoLC)fst00902116
830 #0 - SERIES ADDED ENTRY--UNIFORM TITLE
Uniform title Business review books.
906 ## - LOCAL DATA ELEMENT F, LDF (RLIN)
a 7
b cbc
c copycat
d 2
e ncip
f 20
g y-gencatlg
925 0# -
-- acquire
-- 1 shelf copy
-- policy default
Holdings
Withdrawn status Lost status Damaged status Not for loan Home library Current library Shelving location Date acquired Total checkouts Full call number Barcode Date last seen Price effective from Koha item type
        Springfield Springfield General stacks 22/03/2026   330 LOC-SPL-00035 22/03/2026 22/03/2026 Books